<?xml version="1.0" encoding="UTF-8"?>
<record
    xmlns:xsi="http://www.w3.org/2001/XMLSchema-instance"
    xsi:schemaLocation="http://www.loc.gov/MARC21/slim http://www.loc.gov/standards/marcxml/schema/MARC21slim.xsd"
    xmlns="http://www.loc.gov/MARC21/slim">

  <leader>00526nam a2200181Ia 4500</leader>
  <controlfield tag="003">LDD</controlfield>
  <controlfield tag="008">190117s9999    xx            000 0 und d</controlfield>
  <datafield tag="020" ind1=" " ind2=" ">
    <subfield code="a">8171191797</subfield>
    <subfield code="c">&#x20B9;45</subfield>
  </datafield>
  <datafield tag="040" ind1=" " ind2=" ">
    <subfield code="c">LDD</subfield>
  </datafield>
  <datafield tag="041" ind1=" " ind2=" ">
    <subfield code="a">hi</subfield>
  </datafield>
  <datafield tag="082" ind1=" " ind2=" ">
    <subfield code="a">8H3.7 &#x936;&#x93F; 68592 &#x915;&#x947;-2</subfield>
  </datafield>
  <datafield tag="100" ind1=" " ind2=" ">
    <subfield code="a">&#x936;&#x93F;&#x935;&#x92E;&#x942;&#x930;&#x94D;&#x924;&#x93F;</subfield>
  </datafield>
  <datafield tag="245" ind1=" " ind2="0">
    <subfield code="a">&#x915;&#x947;&#x936;&#x930;-&#x915;&#x938;&#x94D;&#x924;&#x942;&#x930;&#x940;</subfield>
    <subfield code="c">&#x936;&#x93F;&#x935;&#x92E;&#x942;&#x930;&#x94D;&#x924;&#x93F;</subfield>
  </datafield>
  <datafield tag="250" ind1=" " ind2=" ">
    <subfield code="a">2&#x930;&#x93E; &#x938;&#x902;.</subfield>
  </datafield>
  <datafield tag="260" ind1=" " ind2=" ">
    <subfield code="a">&#x928;&#x908; &#x926;&#x93F;&#x932;&#x94D;&#x932;&#x940;</subfield>
    <subfield code="b">&#x930;&#x93E;&#x927;&#x93E;&#x915;&#x943;&#x937;&#x94D;&#x923;</subfield>
    <subfield code="c">1994</subfield>
  </datafield>
  <datafield tag="300" ind1=" " ind2=" ">
    <subfield code="a">164&#x92A;&#x943;.</subfield>
  </datafield>
  <datafield tag="942" ind1=" " ind2=" ">
    <subfield code="2">ddc</subfield>
    <subfield code="c">H</subfield>
  </datafield>
  <datafield tag="952" ind1=" " ind2=" ">
    <subfield code="0">0</subfield>
    <subfield code="1">0</subfield>
    <subfield code="2">ddc</subfield>
    <subfield code="4">0</subfield>
    <subfield code="7">0</subfield>
    <subfield code="9">171463</subfield>
    <subfield code="a">LDD</subfield>
    <subfield code="b">LDD</subfield>
    <subfield code="d">2019-01-17</subfield>
    <subfield code="l">0</subfield>
    <subfield code="o">8H3.7 &#x936;&#x93F; 68592 &#x915;&#x947;-2</subfield>
    <subfield code="p">H004948</subfield>
    <subfield code="r">2019-01-17</subfield>
    <subfield code="w">2019-01-17</subfield>
    <subfield code="y">H</subfield>
  </datafield>
  <datafield tag="999" ind1=" " ind2=" ">
    <subfield code="c">171721</subfield>
    <subfield code="d">171721</subfield>
  </datafield>
</record>
